书目信息 |
| 题名: |
草原蝗虫基础生物学研究与方法
|
|
| 作者: | 张泽华 , 黄训兵 , 高文渊 主编 | |
| 分册: | ||
| 出版信息: | 北京 中国农业出版社 2019.12 |
|
| 页数: | 339页 | |
| 开本: | 26cm | |
| 丛书名: | ||
| 单 册: | ||
| 中图分类: | S433.2 | |
| 科图分类: | ||
| 主题词: | 草原--cao yuan--蝗科--植物虫害--生物防治--研究 | |
| 电子资源: | ||
| ISBN: | 978-7-109-26065-8 | |
| 000 | 00964nam0 2200253 450 | |
| 001 | 0109110140 | |
| 005 | 20201109110337.0 | |
| 010 | @a978-7-109-26065-8@b精装@dCNY198.00 | |
| 100 | @a20200905d2019 em y0chiy50 ea | |
| 101 | 0 | @achi |
| 102 | @aCN@b110000 | |
| 105 | @aa z 000yy | |
| 106 | @ar | |
| 200 | 1 | @a草原蝗虫基础生物学研究与方法@Acao yuan huang chong ji chu sheng wu xue yan jiu yu fang fa@f张泽华, 黄训兵, 高文渊主编 |
| 210 | @a北京@c中国农业出版社@d2019.12 | |
| 215 | @a339页@c图@d26cm | |
| 330 | @a本书介绍了草原蝗虫发生规律、监测预警及绿色防控技术,涵盖了生态学、生物学、生理学及组学研究,以期为从事相关研究的学者、学生提供理论和技术参考。 | |
| 606 | 0 | @a草原@Acao yuan@x蝗科@x植物虫害@x生物防治@x研究 |
| 690 | @aS433.2@v5 | |
| 701 | 0 | @a张泽华@Azhang ze hua@f(1964-)@4主编 |
| 701 | 0 | @a黄训兵@Ahuang xun bing@4主编 |
| 701 | 0 | @a高文渊@Agao wen yuan@f(1961-)@4主编 |
| 801 | 0 | @aCN@bBJSZM@c20201103 |
| 905 | @b1213663-4@dS433.2@e203@f2 | |
| 草原蝗虫基础生物学研究与方法/张泽华, 黄训兵, 高文渊主编.-北京:中国农业出版社,2019.12 |
| 339页:图;26cm |
| ISBN 978-7-109-26065-8(精装):CNY198.00 |
| 本书介绍了草原蝗虫发生规律、监测预警及绿色防控技术,涵盖了生态学、生物学、生理学及组学研究,以期为从事相关研究的学者、学生提供理论和技术参考。 |
| ● |
| 相关链接 |
|
|
|
|
正题名:草原蝗虫基础生物学研究与方法
索取号:S433.2/203
 
预约/预借
| 序号 | 登录号 | 条形码 | 馆藏地/架位号 | 状态 | 备注 |
| 1 | 1213663 | 212136632 | 第二样本阅览室/ [索取号:S433.2/203] | 在馆 | |
| 2 | 1213664 | 212136641 | 第三借阅区/ [索取号:S433.2/203] | 在馆 |